000 00898cam a22002652 4500
001 0000001265
005 20151217151811.0
008 070228s xx 000 0 eng d
020 _a047161517X :
_cKES 4,650
040 _aKABU
_cKABU
050 0 _aHA29
_b.W622 1990
100 1 _aWonnacott, Thomas H.
_@0000149893
245 1 0 _aIntroductory statistics for business and economics /
_cThomas H. Wonnacott, Ronald J. Wonnacott.
250 _a4th ed.
260 _aNew York :
_bJohn Wiley,
_c1990.
300 _a xvi, 815 p.
650 0 _aStatistics.
_@0000149871
650 0 _aEconomics
_xStatistical methods.
_@0000149882
700 1 _aWonnacott, Ronald J.
_@0000149894
908 _a070228
950 _@1
999 _c5166
_d5166